1383 1667 1974 1017 1380 1419 1816 1330 1223 1298 1816 1340 1921 1485 1738 1378 1288 1356 1133 1646 1253 1766 1049 1779 1814 1712 1874 1289 1451 1722 1003 1309 1146 1554 1039 1794 1266 1362 1656 1587 1218 1098 1351 1886 1162 1991 1708 1458 1966 1134 1212 1299 1488 1794 1802 1613 1680 1111 1100 1833 1605 1429 1123 1167 1899 1094 1229 1591 1054 1860 1766 1876 1185 1476 1985 1548 1132 1902 1864 1343 1369 1874 1831 1314 1849 1741 1647 1059 1604 1117 1846 1177 1642 1232 1146 1267 1013 1113 1605 BCNSPRNW ULIB Ver.6.0+V

เปลี่ยนเป็นภาษาไทย

Change to English
 แสดงรายละเอียดบรรณานุกรม
  กลับหน้าหลัก

Brief Record : Get Marc (ISO 2709) : E-mail record : QR code < ปิดหน้าต่าง
LEADER : 00000nam 2200000uu 4500
001    13399113687
003     ULIB
008    111215s||||||||th 000 0 tha d
020    ^a9789062400
090    ^aนว.^bก892จ 2553
100 0  แก้วชวาลา
245 00 เจ้าสาวผยศรัก/^cแก้วชวาลา
250    พิมพ์ครั้งที่ 1
260    กรุงเทพฯ :^bแก้วชวาลา,^c25553
300    400 หน้า
710 1  แก้วชวาลา
945    ^p279^l0^i028036
995    ทศพร
999 ^a ทศพร
รายการนี้ยังไม่มีแท็ก
คุณยังไม่ได้ล็อกอิน คุณสามารถมีกิจกรรมร่วมกับเว็บไซต์ได้ แต่ต้องล็อกอินก่อน ::
  ล็อกอิน

รายการสื่อสารสนเทศ

ลำดับที่ ประเภท เลขเรียก/บาร์โค้ด สถานที่ สถานะ
1. นวนิยาย
นวนิยาย
นว. ก892จ 2553 ฉ.1 
  Barcode: 028036
ห้องสมุดวิทยาเขตสวรรค์ประชารักษ์
►นวนิยาย
บนชั้น
  ขอยืม

รายการใกล้เคียง
    ผู้แต่ง [แก้วชวาลา]

BibComment


ยังไม่เคยถูกคอมเมนท์

คอมเมนท์ทรัพยากรรายการนี้
  คอมเมนท์: เจ้าสาวผยศรัก แก้..


 Copyright 2026. Bcnsprnw @Library